h1

h2

h3

h4

h5
h6
000956401 001__ 956401
000956401 005__ 20251028151751.0
000956401 0247_ $$2ISBN$$a3-95886-460-0
000956401 0247_ $$2ISBN$$a978-3-95886-460-3
000956401 037__ $$aRWTH-2023-04156
000956401 041__ $$aEnglish
000956401 1001_ $$0P:(DE-82)IDM05230$$aRingel, Aron Rob$$b0$$eCorresponding author$$urwth
000956401 1112_ $$a36. Aachener Stahlkolloquium - Umformtechnik$$cAachen$$d2022-10-26 - 2022-10-27$$g36. ASK$$wGermany
000956401 245__ $$aTowards 3D Modelling of Cold Rolled Channel Structures for Interlocking Steel-Al Die Casting$$hprint
000956401 250__ $$a1. Auflage
000956401 260__ $$aAachen$$bVerlagshaus Mainz GmbH$$c2022
000956401 29510 $$aIdeen Form geben : 36. ASK Umformtechnik : 26.-27. Oktober 2022, Eurogress Aachen : Tagungsband / Hrsg.: Gerhard Hirt ; Institut für Bildsame Formgebung, Institut für Eisenhüttenkunde, Rheinisch-Westfälische Technische Hochschule Aachen
000956401 300__ $$a497-508
000956401 3367_ $$033$$2EndNote$$aConference Paper
000956401 3367_ $$0PUB:(DE-HGF)7$$2PUB:(DE-HGF)$$aContribution to a book
000956401 3367_ $$0PUB:(DE-HGF)8$$2PUB:(DE-HGF)$$aContribution to a conference proceedings$$bcontrib$$mcontrib
000956401 3367_ $$2BibTeX$$aINPROCEEDINGS
000956401 3367_ $$2DRIVER$$aconferenceObject
000956401 3367_ $$2DataCite$$aOutput Types/Conference Paper
000956401 3367_ $$2ORCID$$aCONFERENCE_PAPER
000956401 591__ $$aGermany
000956401 7001_ $$0P:(DE-82)IDM00532$$aHirt, Gerhard$$b1$$urwth
000956401 7001_ $$0P:(DE-82)IDM00430$$aLohmar, Johannes$$b2$$urwth
000956401 7870_ $$0RWTH-2023-07528$$iHasPart
000956401 8564_ $$uhttps://d-nb.info/1272002470/04$$yTable of contents of book
000956401 909CO $$ooai:publications.rwth-aachen.de:956401$$pVDB
000956401 9101_ $$0I:(DE-588b)36225-6$$6P:(DE-82)IDM05230$$aRWTH Aachen$$b0$$kRWTH
000956401 9101_ $$0I:(DE-588b)36225-6$$6P:(DE-82)IDM00532$$aRWTH Aachen$$b1$$kRWTH
000956401 9101_ $$0I:(DE-588b)36225-6$$6P:(DE-82)IDM00430$$aRWTH Aachen$$b2$$kRWTH
000956401 9151_ $$0StatID:(DE-HGF)0021$$2StatID$$aNo peer reviewed article$$x0
000956401 9201_ $$0I:(DE-82)523410_20140620$$k523410$$lLehrstuhl und Institut für Bildsame Formgebung$$x0
000956401 9201_ $$0I:(DE-82)520000_20140620$$k520000$$lFachgruppe für Materialwissenschaft und Werkstofftechnik$$x1
000956401 961__ $$c2023-04-18T13:23:48.898227$$x2023-04-18T13:23:48.898227$$z2023-04-18
000956401 980__ $$aI:(DE-82)520000_20140620
000956401 980__ $$aI:(DE-82)523410_20140620
000956401 980__ $$aUNRESTRICTED
000956401 980__ $$aVDB
000956401 980__ $$acontb
000956401 980__ $$acontrib